[Event "II Torneio Aberto Internacional de Xadrez de Ferreira do Alentejo"]
[Site "Ferreira do Alentejo - Portugal"]
[Date "2019.12.18"]
[Round "3.1"]
[White "Li, Zhuoling"]
[Black "Chatalbashev, Boris"]
[Result "1/2-1/2"]
[BlackElo "2542"]
[WhiteElo "2158"]
[LiveChessVersion "1.4.8"]

1. e4 {[%clk 1:30:53]} g6 {[%clk 1:30:54]} 2. d4 {[%clk 1:31:17]} Bg7
{[%clk 1:31:19]} 3. Nf3 {[%clk 1:31:40]} d6 {[%clk 1:31:38]} 4. c3
{[%clk 1:32:01]} Nf6 {[%clk 1:31:55]} 5. Bd3 {[%clk 1:32:25]} O-O
{[%clk 1:32:17]} 6. O-O {[%clk 1:32:49]} Nbd7 {[%clk 1:32:40]} 7. Re1
{[%clk 1:32:56]} e5 {[%clk 1:33:03]} 8. Nbd2 {[%clk 1:33:20]} b6 {[%clk 1:33:17]}
9. a4 {[%clk 1:33:36]} a6 {[%clk 1:33:42]} 10. d5 {[%clk 1:32:56]} Bb7
{[%clk 1:32:57]} 11. Bc2 {[%clk 1:30:02]} Qe7 {[%clk 1:28:35]} 12. Nc4
{[%clk 1:29:11]} Rac8 {[%clk 1:24:41]} 13. b3 {[%clk 1:26:11]} Nh5
{[%clk 1:22:55]} 14. Bg5 {[%clk 1:22:43]} f6 {[%clk 1:14:31]} 15. Be3
{[%clk 1:22:33]} Nf4 {[%clk 1:14:49]} 16. Bxf4 {[%clk 0:54:08]} exf4
{[%clk 1:14:52]} 17. Nd4 {[%clk 0:54:30]} Rfe8 {[%clk 1:11:17]} 18. Qd2
{[%clk 0:41:21]} Bh6 {[%clk 1:10:46]} 19. f3 {[%clk 0:37:25]} Ne5
{[%clk 1:07:53]} 20. Ne6 {[%clk 0:36:30]} Rb8 {[%clk 0:58:56]} 21. Nxe5
{[%clk 0:32:16]} fxe5 {[%clk 0:46:37]} 22. b4 {[%clk 0:32:04]} Bc8
{[%clk 0:45:27]} 23. Bb3 {[%clk 0:31:57]} Bf8 {[%clk 0:44:11]} 24. a5
{[%clk 0:28:37]} b5 {[%clk 0:36:34]} 25. c4 {[%clk 0:27:03]} Bxe6
{[%clk 0:34:10]} 26. dxe6 {[%clk 0:27:26]} c5 {[%clk 0:27:24]} 27. cxb5
{[%clk 0:24:31]} axb5 {[%clk 0:27:37]} 28. Bd5 {[%clk 0:24:42]} Kg7
{[%clk 0:28:03]} 29. Qb2 {[%clk 0:16:09]} Rec8 1/2-1/2

[Event "II Torneio Aberto Internacional de Xadrez de Ferreira do Alentejo"]
[Site "Ferreira do Alentejo - Portugal"]
[Date "2019.12.18"]
[Round "3.3"]
[White "Carrasco Martinez, Juan"]
[Black "Liu, Zhaoqi"]
[Result "0-1"]
[BlackElo "2380"]
[WhiteElo "2385"]
[WhiteTeam ""]
[LiveChessVersion "1.4.8"]

1. e4 {[%clk 1:30:54]} e6 {[%clk 1:30:32]} 2. d4 {[%clk 1:31:17]} d5
{[%clk 1:30:57]} 3. Nd2 {[%clk 1:31:43]} Be7 {[%clk 1:31:17]} 4. e5
{[%clk 1:30:39]} c5 {[%clk 1:31:11]} 5. c3 {[%clk 1:31:02]} Nc6 {[%clk 1:31:20]}
6. Bd3 {[%clk 1:31:13]} cxd4 {[%clk 1:31:07]} 7. cxd4 {[%clk 1:31:37]} Qb6
{[%clk 1:31:31]} 8. Ndf3 {[%clk 1:31:48]} Bd7 {[%clk 1:31:18]} 9. Ne2
{[%clk 1:31:43]} Nb4 {[%clk 1:31:41]} 10. Bb1 {[%clk 1:26:40]} Bb5
{[%clk 1:32:04]} 11. Nc3 {[%clk 1:24:16]} Bc4 {[%clk 1:16:59]} 12. a3
{[%clk 1:15:51]} Nc6 {[%clk 1:15:27]} 13. Na4 {[%clk 1:12:46]} Qa5+
{[%clk 1:02:52]} 14. Bd2 {[%clk 1:06:01]} Qc7 {[%clk 1:03:09]} 15. b3
{[%clk 0:59:37]} Ba6 {[%clk 1:03:32]} 16. Be3 {[%clk 0:57:53]} Nh6
{[%clk 0:54:25]} 17. Bd3 {[%clk 0:53:19]} Nf5 {[%clk 0:53:57]} 18. O-O
{[%clk 0:51:58]} Nxe3 {[%clk 0:50:04]} 19. fxe3 {[%clk 0:52:06]} Bxd3
{[%clk 0:49:11]} 20. Qxd3 {[%clk 0:52:30]} O-O {[%clk 0:49:32]} 21. Rfc1
{[%clk 0:50:05]} b6 {[%clk 0:45:31]} 22. Nc3 {[%clk 0:47:55]} Qd7
{[%clk 0:42:02]} 23. b4 {[%clk 0:47:06]} a6 {[%clk 0:40:12]} 24. e4
{[%clk 0:42:11]} b5 {[%clk 0:35:49]} 25. exd5 {[%clk 0:36:19]} exd5
{[%clk 0:36:17]} 26. Nd1 {[%clk 0:36:02]} f6 {[%clk 0:32:41]} 27. Ne3
{[%clk 0:33:32]} fxe5 {[%clk 0:32:26]} 28. dxe5 {[%clk 0:28:16]} d4
{[%clk 0:31:46]} 29. Qb3+ {[%clk 0:28:03]} Kh8 {[%clk 0:32:15]} 30. Qd5
{[%clk 0:28:23]} Rad8 {[%clk 0:25:33]} 31. Qxd7 {[%clk 0:23:39]} Rxd7
{[%clk 0:26:00]} 32. Rxc6 {[%clk 0:22:42]} dxe3 {[%clk 0:26:28]} 33. Re1
{[%clk 0:22:32]} a5 {[%clk 0:21:15]} 34. bxa5 {[%clk 0:22:56]} Rd3
{[%clk 0:21:37]} 35. Rb6 {[%clk 0:20:40]} e2 {[%clk 0:18:39]} 36. Rxb5
{[%clk 0:19:01]} Bh4 {[%clk 0:18:55]} 37. g3 {[%clk 0:11:01]} Rdxf3
{[%clk 0:19:13]} 38. Rxe2 {[%clk 0:11:23]} Be7 {[%clk 0:19:25]} 39. a4
{[%clk 0:11:12]} Ra3 {[%clk 0:19:44]} 40. Kg2 {[%clk 0:11:15]} Rxa4
{[%clk 0:14:56]} 41. Rb7 {[%clk 0:08:40]} Re8 {[%clk 0:15:18]} 42. Reb2
{[%clk 0:07:25]} Kg8 {[%clk 0:15:24]} 43. R2b5 {[%clk 0:07:47]} Ra3
{[%clk 0:11:52]} 44. Ra7 {[%clk 0:07:18]} Bf8 {[%clk 0:12:11]} 45. Kh3
{[%clk 0:06:11]} Re3 {[%clk 0:10:51]} 46. a6 {[%clk 0:05:57]} Ra3
{[%clk 0:09:18]} 47. Kg4 {[%clk 0:06:14]} Re6 {[%clk 0:08:50]} 48. Kf5
{[%clk 0:06:39]} Raxa6 {[%clk 0:08:30]} 49. Rxa6 {[%clk 0:07:05]} Rxa6
{[%clk 0:08:56]} 50. e6 {[%clk 0:04:28]} Ra8 {[%clk 0:08:59]} 51. Rb7
{[%clk 0:04:33]} Re8 {[%clk 0:09:23]} 52. h4 {[%clk 0:04:41]} Bd6
{[%clk 0:08:56]} 53. g4 {[%clk 0:04:49]} g6+ {[%clk 0:06:05]} 54. Kg5
{[%clk 0:03:37]} Rxe6 {[%clk 0:05:42]} 55. h5 {[%clk 0:04:03]} Be7+
{[%clk 0:05:35]} 56. Kf4 {[%clk 0:04:22]} g5+ {[%clk 0:05:33]} 57. Kf5
{[%clk 0:04:39]} Kf7 {[%clk 0:05:55]} 58. Ra7 {[%clk 0:04:39]} Rf6+
{[%clk 0:05:59]} 0-1

[Event "II Torneio Aberto Internacional de Xadrez de Ferreira do Alentejo"]
[Site "Ferreira do Alentejo - Portugal"]
[Date "2019.12.18"]
[Round "3.4"]
[White "Alekseev, Evgeny"]
[Black "Figuero Toro, Julian Francisco"]
[Result "1-0"]
[BlackElo "2240"]
[WhiteElo "2620"]
[BlackTeam "Cx Montemor-O-Velho/Ctga"]
[LiveChessVersion "1.4.8"]

1. e4 {[%clk 1:30:58]} c5 {[%clk 1:30:54]} 2. Nf3 {[%clk 1:31:25]} Nc6
{[%clk 1:31:17]} 3. d4 {[%clk 1:31:12]} cxd4 {[%clk 1:31:43]} 4. Nxd4
{[%clk 1:31:40]} Nf6 {[%clk 1:32:00]} 5. Nc3 {[%clk 1:32:03]} e5 {[%clk 1:32:18]}
6. Ndb5 {[%clk 1:32:14]} d6 {[%clk 1:32:44]} 7. Bg5 {[%clk 1:27:02]} a6
{[%clk 1:32:59]} 8. Na3 {[%clk 1:27:29]} b5 {[%clk 1:33:25]} 9. Nd5
{[%clk 1:27:22]} Qa5+ {[%clk 1:33:39]} 10. Bd2 {[%clk 1:27:31]} Qd8
{[%clk 1:34:04]} 11. Nxf6+ {[%clk 1:24:52]} Qxf6 {[%clk 1:34:27]} 12. Bd3
{[%clk 1:24:38]} Qg6 {[%clk 1:33:49]} 13. O-O {[%clk 1:23:17]} Be7
{[%clk 1:33:54]} 14. Kh1 {[%clk 1:11:48]} O-O {[%clk 1:24:34]} 15. f3
{[%clk 1:03:48]} Bg5 {[%clk 1:14:47]} 16. c4 {[%clk 0:53:09]} b4 {[%clk 1:06:20]}
17. Nc2 {[%clk 0:52:36]} Rb8 {[%clk 1:04:07]} 18. Be1 {[%clk 0:47:04]} b3
{[%clk 0:55:00]} 19. axb3 {[%clk 0:46:21]} Rxb3 {[%clk 0:54:42]} 20. Ra2
{[%clk 0:42:38]} Bd7 {[%clk 0:47:35]} 21. Qe2 {[%clk 0:33:49]} Rfb8
{[%clk 0:39:49]} 22. Bc3 {[%clk 0:33:25]} Qh6 {[%clk 0:36:22]} 23. Qe1
{[%clk 0:29:18]} a5 {[%clk 0:33:35]} 24. Be2 {[%clk 0:26:51]} Rxc3
{[%clk 0:16:56]} 25. bxc3 {[%clk 0:26:35]} Bd2 {[%clk 0:16:42]} 26. Qf2
{[%clk 0:24:36]} Bxc3 {[%clk 0:13:57]} 27. Qe3 {[%clk 0:23:43]} Qxe3
{[%clk 0:14:02]} 28. Nxe3 {[%clk 0:24:10]} g6 {[%clk 0:12:43]} 29. Nd5
{[%clk 0:23:47]} Bb4 {[%clk 0:03:33]} 30. Nf6+ {[%clk 0:21:10]} Kg7
{[%clk 0:03:59]} 31. Nxd7 {[%clk 0:21:35]} Rb7 {[%clk 0:04:26]} 32. c5
{[%clk 0:21:49]} Rxd7 {[%clk 0:02:51]} 33. Bb5 {[%clk 0:22:11]} Rc7
{[%clk 0:03:17]} 34. cxd6 {[%clk 0:22:29]} Bxd6 {[%clk 0:03:32]} 35. Bxc6
{[%clk 0:22:08]} Rxc6 {[%clk 0:03:49]} 36. Rxa5 {[%clk 0:22:37]} h5
{[%clk 0:01:26]} 37. g3 {[%clk 0:18:45]} f5 {[%clk 0:00:39]} 38. Kg2
{[%clk 0:17:40]} h4 1-0

[Event "II Torneio Aberto Internacional de Xadrez de Ferreira do Alentejo"]
[Site "Ferreira do Alentejo - Portugal"]
[Date "2019.12.18"]
[Round "3.5"]
[White "Fernandes, Antonio"]
[Black "Wesslen, Ulf"]
[Result "1-0"]
[BlackElo "1932"]
[WhiteElo "2361"]
[WhiteTeam "Ax Portugal / Atlantidiag"]
[LiveChessVersion "1.4.8"]

1. d4 Nf6 2. Bg5 c5 3. dxc5 {[%clk 1:19:06]} Qa5+ {[%clk 1:26:08]} 4. Qd2
{[%clk 1:19:06]} Qxc5 {[%clk 1:26:08]} 5. Nc3 {[%clk 1:19:06]} Nc6
{[%clk 1:26:08]} 6. f3 {[%clk 1:19:06]} Qb6 {[%clk 1:26:08]} 7. e4
{[%clk 1:19:06]} d6 {[%clk 1:26:08]} 8. O-O-O {[%clk 1:19:06]} Be6
{[%clk 1:26:08]} 9. Nge2 {[%clk 1:19:06]} Qa5 {[%clk 1:26:08]} 10. a3
{[%clk 1:19:06]} Rc8 {[%clk 1:26:08]} 11. f4 {[%clk 0:32:28]} b5 {[%clk 0:51:15]}
12. Bxf6 {[%clk 0:32:28]} gxf6 {[%clk 0:47:37]} 13. Nd5 {[%clk 0:29:28]} Qd8
{[%clk 0:44:54]} 14. Kb1 {[%clk 0:19:57]} a6 {[%clk 0:39:49]} 15. Ng3
{[%clk 0:16:24]} Rg8 {[%clk 0:36:59]} 16. c4 {[%clk 0:14:59]} Rb8
{[%clk 0:34:31]} 17. cxb5 {[%clk 0:15:23]} axb5 {[%clk 0:34:31]} 18. Rc1
{[%clk 0:15:23]} Bd7 {[%clk 0:33:36]} 19. Bd3 {[%clk 0:09:22]} Bh6
{[%clk 0:21:46]} 20. Nf5 {[%clk 0:06:13]} Bxf5 {[%clk 0:21:46]} 21. exf5
{[%clk 0:06:13]} Qd7 {[%clk 0:21:46]} 22. Qe2 {[%clk 0:06:13]} Kf8
{[%clk 0:21:46]} 23. Rxc6 {[%clk 0:06:13]} 1-0

[Event "II Torneio Aberto Internacional de Xadrez de Ferreira do Alentejo"]
[Site "Ferreira do Alentejo - Portugal"]
[Date "2019.12.18"]
[Round "3.6"]
[White "Huhndorf, Arnold"]
[Black "Ramos, Alvaro Manuel Nobre"]
[Result "1-0"]
[BlackElo "1868"]
[WhiteElo "2220"]
[BlackTeam "CXFA"]
[LiveChessVersion "1.4.8"]

1. d4 {[%clk 1:30:59]} Nf6 {[%clk 1:30:41]} 2. c4 {[%clk 1:31:22]} e6
{[%clk 1:31:03]} 3. g3 {[%clk 1:31:46]} d5 {[%clk 1:30:35]} 4. Bg2
{[%clk 1:31:41]} c6 {[%clk 1:30:11]} 5. Nf3 {[%clk 1:32:05]} Be7 {[%clk 1:29:46]}
6. O-O {[%clk 1:31:48]} O-O {[%clk 1:30:03]} 7. Qc2 {[%clk 1:32:14]} h6
{[%clk 1:30:01]} 8. Rd1 {[%clk 1:31:59]} Nbd7 {[%clk 1:29:10]} 9. b3
{[%clk 1:31:49]} Re8 {[%clk 1:25:25]} 10. Nc3 {[%clk 1:31:55]} Nf8
{[%clk 1:23:43]} 11. Ne5 {[%clk 1:26:15]} Bd7 {[%clk 1:22:46]} 12. e4
{[%clk 1:25:54]} Rc8 {[%clk 1:22:26]} 13. c5 dxe4 {[%clk 1:19:30]} 14. Nxe4
{[%clk 1:24:47]} Nd5 {[%clk 1:19:05]} 15. Nc4 {[%clk 1:24:39]} Rb8
{[%clk 1:17:14]} 16. Ned6 {[%clk 1:22:58]} Bxd6 {[%clk 1:17:15]} 17. Nxd6
{[%clk 1:23:24]} Re7 {[%clk 1:17:11]} 18. a3 {[%clk 1:18:56]} Ng6
{[%clk 1:10:30]} 19. Be4 {[%clk 1:11:03]} f5 {[%clk 1:09:21]} 20. Bd3
{[%clk 1:11:03]} Nf6 {[%clk 1:08:49]} 21. b4 {[%clk 1:05:08]} Ne8
{[%clk 1:05:51]} 22. Nc4 {[%clk 1:04:11]} Rf7 {[%clk 0:54:55]} 23. Be2
{[%clk 1:02:29]} Qe7 {[%clk 0:50:03]} 24. Bh5 {[%clk 1:00:31]} Kh7
{[%clk 0:46:20]} 25. Bxg6+ {[%clk 0:58:41]} Kxg6 {[%clk 0:46:45]} 26. Ne5+
{[%clk 0:59:06]} Kh7 {[%clk 0:46:43]} 27. Nxf7 {[%clk 0:59:32]} Qxf7
{[%clk 0:47:00]} 28. Bf4 {[%clk 0:59:56]} Rd8 {[%clk 0:46:51]} 29. Be5
{[%clk 1:00:19]} Nf6 {[%clk 0:46:34]} 30. Bxf6 {[%clk 1:00:16]} Qxf6
{[%clk 0:46:52]} 31. Qe2 {[%clk 1:00:02]} Bc8 {[%clk 0:41:55]} 32. Qe5 Qe7
{[%clk 0:39:40]} 33. Re1 {[%clk 0:55:01]} Rd5 {[%clk 0:36:29]} 34. Qb8
{[%clk 0:55:04]} Qd7 {[%clk 0:34:13]} 35. Rad1 {[%clk 0:53:57]} g5
{[%clk 0:33:41]} 36. Qxa7 {[%clk 0:48:18]} e5 {[%clk 0:29:44]} 37. Qb8
{[%clk 0:47:13]} f4 38. Rxe5 {[%clk 0:45:36]} f3 {[%clk 0:22:43]} 39. Re3
{[%clk 0:19:08]} Rxd4 {[%clk 0:21:25]} 40. Rxd4 {[%clk 0:18:19]} Qxd4
{[%clk 0:21:39]} 41. Qc7+ {[%clk 0:17:55]} Bd7 {[%clk 0:18:07]} 42. Rxf3
{[%clk 0:17:50]} Qd1+ {[%clk 0:15:13]} 43. Kg2 {[%clk 0:18:04]} Qd5
{[%clk 0:15:28]} 44. g4 {[%clk 0:16:15]} h5 {[%clk 0:11:29]} 45. Qd6
{[%clk 0:14:40]} Be6 {[%clk 0:09:05]} 46. Qe7+ {[%clk 0:11:10]} Kh8
{[%clk 0:06:51]} 47. Qf6+ Kh7 1-0

[Event "II Torneio Aberto Internacional de Xadrez de Ferreira do Alentejo"]
[Site "Ferreira do Alentejo - Portugal"]
[Date "2019.12.18"]
[Round "3.7"]
[White "Tieres, Cristiano"]
[Black "Nie, Xin"]
[Result "0-1"]
[BlackElo "2210"]
[WhiteElo "1848"]
[WhiteTeam "EX Porto"]
[LiveChessVersion "1.4.8"]

1. d4 {[%clk 1:22:06]} Nf6 {[%clk 1:30:48]} 2. c4 {[%clk 1:22:54]} e6
{[%clk 1:31:08]} 3. Nc3 d5 {[%clk 1:31:19]} 4. cxd5 {[%clk 1:23:18]} exd5
{[%clk 1:31:44]} 5. Bg5 {[%clk 1:24:08]} c6 6. e3 {[%clk 1:24:34]} h6
{[%clk 1:27:53]} 7. Bh4 {[%clk 1:23:51]} Bd6 {[%clk 1:24:10]} 8. Bd3 g5
{[%clk 1:21:30]} 9. Bg3 {[%clk 1:24:14]} h5 {[%clk 1:19:53]} 10. Nge2 h4
{[%clk 1:20:19]} 11. Bxd6 {[%clk 1:16:18]} Qxd6 12. f3 h3 {[%clk 1:18:02]} 13. g4
{[%clk 1:12:28]} Kd8 {[%clk 1:02:44]} 14. Ng3 {[%clk 1:04:01]} c5 15. Nb5
{[%clk 0:58:32]} Qe7 {[%clk 1:01:59]} 16. Kf2 {[%clk 0:58:51]} c4 17. Bf5
{[%clk 0:55:59]} Qb4 {[%clk 1:00:47]} 18. Nc3 Qxb2+ {[%clk 1:01:01]} 19. Nce2
{[%clk 0:56:30]} Nc6 20. a3 {[%clk 0:46:50]} Kc7 {[%clk 0:54:11]} 21. Bc2
{[%clk 0:40:37]} Re8 {[%clk 0:41:06]} 22. Qd2 {[%clk 0:40:13]} Qb6 23. Bf5 Ne7
{[%clk 0:32:57]} 24. Rhb1 {[%clk 0:35:51]} Qd6 {[%clk 0:31:59]} 25. Nc3
{[%clk 0:34:19]} Bd7 {[%clk 0:24:19]} 26. e4 dxe4 27. Ncxe4 {[%clk 0:18:00]}
Nxe4+ {[%clk 0:24:05]} 28. Bxe4 {[%clk 0:18:27]} Bc6 29. Kg1 {[%clk 0:13:34]}
Rad8 {[%clk 0:23:53]} 30. Qa5+ {[%clk 0:13:24]} Kb8 {[%clk 0:23:22]} 31. Rd1 Nd5
{[%clk 0:15:56]} 32. Rab1 {[%clk 0:07:13]} Rd7 {[%clk 0:11:54]} 33. Nf5 Qf4 34.
Rb2 {[%clk 0:01:35]} Rxe4 {[%clk 0:11:20]} 35. fxe4 {[%clk 0:01:54]} Qxg4+
{[%clk 0:11:46]} 36. Kf2 {[%clk 0:01:48]} Qg2+ {[%clk 0:10:48]} 37. Ke1
{[%clk 0:02:04]} Qxb2 {[%clk 0:10:53]} 38. exd5 {[%clk 0:00:53]} Rxd5
{[%clk 0:11:05]} 0-1

[Event "II Torneio Aberto Internacional de Xadrez de Ferreira do Alentejo"]
[Site "Ferreira do Alentejo - Portugal"]
[Date "2019.12.18"]
[Round "3.8"]
[White "Schmitz, Andreas Arnold"]
[Black "Dong, Rafael"]
[Result "1-0"]
[BlackElo "1571"]
[WhiteElo "2013"]
[BlackTeam "CX Sintra"]
[LiveChessVersion "1.4.8"]

1. e4 {[%clk 1:30:57]} c6 {[%clk 1:30:59]} 2. Nc3 {[%clk 1:31:16]} d5
{[%clk 1:31:22]} 3. Qf3 {[%clk 1:31:35]} dxe4 {[%clk 1:31:33]} 4. Nxe4
{[%clk 1:31:53]} Nd7 {[%clk 1:31:53]} 5. d4 {[%clk 1:31:46]} Ngf6
{[%clk 1:32:09]} 6. c3 {[%clk 1:31:23]} Nxe4 {[%clk 1:32:31]} 7. Qxe4
{[%clk 1:31:46]} Nf6 {[%clk 1:32:57]} 8. Qe5 {[%clk 1:30:45]} Qd5
{[%clk 1:31:09]} 9. Nf3 {[%clk 1:29:49]} Bf5 {[%clk 1:30:46]} 10. Bf4
{[%clk 1:17:43]} e6 {[%clk 1:30:59]} 11. Be2 {[%clk 1:13:26]} Be7
{[%clk 1:31:03]} 12. O-O {[%clk 1:11:49]} O-O {[%clk 1:31:24]} 13. Qc7
{[%clk 1:03:24]} Qd7 {[%clk 1:29:55]} 14. Nh4 {[%clk 0:58:46]} Qxc7
{[%clk 1:29:33]} 15. Bxc7 {[%clk 0:59:07]} Bg4 {[%clk 1:29:30]} 16. Bxg4
{[%clk 0:57:21]} Nxg4 {[%clk 1:29:54]} 17. Nf3 {[%clk 0:57:15]} Rac8
{[%clk 1:29:40]} 18. Bf4 {[%clk 0:56:41]} Nf6 {[%clk 1:29:42]} 19. Bg5
{[%clk 0:56:36]} h6 {[%clk 1:29:52]} 20. Bxf6 {[%clk 0:55:55]} Bxf6
{[%clk 1:30:14]} 21. Rad1 {[%clk 0:53:03]} Rfd8 {[%clk 1:30:08]} 22. Rd2
{[%clk 0:49:46]} Kf8 {[%clk 1:29:58]} 23. Rfd1 {[%clk 0:49:51]} Ke8
{[%clk 1:29:58]} 24. Kf1 {[%clk 0:50:08]} Ke7 {[%clk 1:22:47]} 25. Ke2
{[%clk 0:48:33]} g5 {[%clk 1:20:19]} 26. g4 {[%clk 0:46:23]} Rd7 {[%clk 1:14:55]}
27. Rg1 {[%clk 0:42:00]} c5 {[%clk 1:09:43]} 28. Rgd1 {[%clk 0:37:51]} cxd4
{[%clk 1:10:01]} 29. Nxd4 {[%clk 0:37:44]} Bxd4 {[%clk 1:10:15]} 30. Rxd4
{[%clk 0:38:05]} Rcd8 {[%clk 1:04:54]} 31. Ke3 {[%clk 0:37:58]} Rxd4
{[%clk 1:04:47]} 32. Rxd4 {[%clk 0:34:36]} Rxd4 {[%clk 0:58:05]} 33. Kxd4
{[%clk 0:34:28]} Kd6 {[%clk 0:58:25]} 34. b4 {[%clk 0:31:25]} f5 {[%clk 0:55:22]}
35. h3 {[%clk 0:27:48]} e5+ {[%clk 0:54:13]} 36. Kd3 {[%clk 0:27:03]} f4
{[%clk 0:52:53]} 37. c4 {[%clk 0:27:04]} b6 {[%clk 0:47:20]} 38. Ke4
{[%clk 0:26:47]} Ke6 {[%clk 0:47:26]} 39. c5 {[%clk 0:25:36]} bxc5
{[%clk 0:44:40]} 40. bxc5 {[%clk 0:25:56]} f3 {[%clk 0:44:13]} 41. Kxf3
{[%clk 0:14:22]} Kd5 {[%clk 0:43:03]} 42. c6 {[%clk 0:14:44]} Kxc6
{[%clk 0:43:29]} 43. Ke4 {[%clk 0:15:10]} Kc5 {[%clk 0:39:25]} 44. Kxe5
{[%clk 0:15:23]} Kb4 {[%clk 0:39:42]} 45. f4 {[%clk 0:15:19]} gxf4
{[%clk 0:39:51]} 46. Kxf4 {[%clk 0:15:45]} Ka3 {[%clk 0:39:55]} 47. h4
{[%clk 0:14:56]} Kxa2 {[%clk 0:40:16]} 48. g5 {[%clk 0:15:22]} hxg5+
{[%clk 0:40:27]} 49. hxg5 {[%clk 0:15:47]} Kb2 {[%clk 0:40:25]} 50. g6
{[%clk 0:16:12]} a5 {[%clk 0:40:52]} 51. g7 {[%clk 0:16:37]} a4 {[%clk 0:41:17]}
52. g8=Q {[%clk 0:17:00]} a3 {[%clk 0:41:41]} 53. Qb8+ {[%clk 0:16:18]} Kc2
{[%clk 0:41:41]} 54. Qc7+ {[%clk 0:16:12]} Kb2 {[%clk 0:41:45]} 55. Qb6+
{[%clk 0:16:07]} Kc2 {[%clk 0:42:05]} 56. Qc5+ {[%clk 0:15:50]} Kb3
{[%clk 0:42:23]} 57. Qc1 {[%clk 0:15:23]} Ka2 {[%clk 0:42:31]} 58. Ke3
{[%clk 0:15:28]} Kb3 {[%clk 0:42:52]} 59. Qa1 {[%clk 0:15:43]} 1-0

[Event "II Torneio Aberto Internacional de Xadrez de Ferreira do Alentejo"]
[Site "Ferreira do Alentejo - Portugal"]
[Date "2019.12.18"]
[Round "3.9"]
[White "Schmitz, Manuela"]
[Black "Santos, Isabel Pereira Dos"]
[Result "1-0"]
[BlackElo "1807"]
[WhiteElo "1914"]
[BlackTeam "Gx Alekhine"]
[LiveChessVersion "1.4.8"]

1. d4 {[%clk 1:30:57]} d5 {[%clk 1:23:25]} 2. Nf3 {[%clk 1:31:19]} Nf6 3. c4
{[%clk 1:31:30]} c6 {[%clk 1:24:06]} 4. Nc3 {[%clk 1:31:21]} e6 {[%clk 1:24:24]}
5. Bg5 {[%clk 1:30:43]} dxc4 {[%clk 1:24:02]} 6. e4 {[%clk 1:29:25]} Be7
{[%clk 1:22:57]} 7. Bxc4 {[%clk 1:26:35]} b5 {[%clk 1:23:02]} 8. Bd3
{[%clk 1:26:46]} Nbd7 {[%clk 1:23:23]} 9. O-O {[%clk 1:25:27]} a6
{[%clk 1:20:38]} 10. e5 {[%clk 1:14:15]} Nd5 {[%clk 1:18:29]} 11. Ne4 O-O
{[%clk 1:13:22]} 12. Rc1 {[%clk 1:08:02]} Bxg5 13. Nexg5 {[%clk 1:02:30]} h6
{[%clk 1:11:26]} 14. Ne4 {[%clk 0:58:47]} Qb6 15. Bb1 Ra7 {[%clk 0:55:02]} 16.
Qc2 {[%clk 0:54:58]} Rc7 {[%clk 0:55:15]} 17. Neg5 {[%clk 0:50:13]} g6
{[%clk 0:44:45]} 18. Nxe6 Nxe5 {[%clk 0:33:32]} 19. Nxe5 {[%clk 0:47:05]} Bxe6
20. Nxg6 Rfc8 {[%clk 0:29:49]} 21. Ne5 {[%clk 0:38:10]} Qxd4 {[%clk 0:28:14]} 22.
Qh7+ {[%clk 0:38:21]} Kf8 {[%clk 0:28:42]} 23. Qxh6+ {[%clk 0:38:31]} Ke7
{[%clk 0:27:13]} 24. Rfe1 {[%clk 0:31:38]} Qxb2 25. Qh4+ {[%clk 0:24:44]} Ke8
{[%clk 0:26:07]} 26. Qh8+ 1-0

[Event "II Torneio Aberto Internacional de Xadrez de Ferreira do Alentejo"]
[Site "Ferreira do Alentejo - Portugal"]
[Date "2019.12.18"]
[Round "3.10"]
[White "Dong, Fabio"]
[Black "Guerreiro, Nuno"]
[Result "0-1"]
[BlackElo "2083"]
[WhiteElo "1550"]
[WhiteTeam "CX Sintra"]
[BlackTeam "ADRC Mata de Benfica"]
[LiveChessVersion "1.4.8"]

1. c4 {[%clk 1:30:55]} Nc6 {[%clk 1:30:52]} 2. Nc3 {[%clk 1:31:15]} e5
{[%clk 1:31:18]} 3. g3 {[%clk 1:31:39]} Nf6 {[%clk 1:31:43]} 4. Bg2
{[%clk 1:31:58]} Bc5 {[%clk 1:32:01]} 5. e3 {[%clk 1:32:05]} d5 {[%clk 1:32:25]}
6. Nxd5 {[%clk 1:29:49]} Nxd5 {[%clk 1:32:46]} 7. cxd5 {[%clk 1:26:13]} Nb4
{[%clk 1:33:04]} 8. Qb3 {[%clk 1:17:54]} c6 {[%clk 1:28:03]} 9. a3
{[%clk 1:11:15]} Nxd5 {[%clk 1:28:13]} 10. Ne2 {[%clk 1:10:27]} O-O
{[%clk 1:28:22]} 11. O-O {[%clk 1:08:29]} Bb6 {[%clk 1:25:22]} 12. Qc2
{[%clk 1:02:32]} Bg4 {[%clk 1:23:54]} 13. Nc3 {[%clk 0:57:00]} Nf6
{[%clk 1:19:58]} 14. h3 {[%clk 0:54:55]} Bh5 {[%clk 1:19:12]} 15. d3
{[%clk 0:49:58]} Qd7 {[%clk 1:15:10]} 16. g4 {[%clk 0:48:09]} Bg6
{[%clk 1:15:21]} 17. e4 {[%clk 0:46:26]} Ne8 {[%clk 1:14:16]} 18. b4
{[%clk 0:45:03]} Nc7 {[%clk 1:14:15]} 19. Bb2 {[%clk 0:45:04]} Ne6
{[%clk 1:14:34]} 20. Ne2 {[%clk 0:43:28]} f6 {[%clk 1:09:21]} 21. Rfd1
{[%clk 0:41:17]} Bf7 {[%clk 1:07:47]} 22. Rac1 {[%clk 0:39:22]} h5
{[%clk 1:05:57]} 23. gxh5 {[%clk 0:39:30]} Bxh5 {[%clk 1:05:50]} 24. Rd2
{[%clk 0:36:07]} Bxe2 {[%clk 1:01:53]} 25. Rxe2 {[%clk 0:36:17]} Nf4
{[%clk 1:01:57]} 26. Rd2 {[%clk 0:33:12]} Nxh3+ {[%clk 1:01:10]} 27. Kh2
{[%clk 0:29:11]} Nf4 {[%clk 1:01:24]} 28. Qc4+ {[%clk 0:27:03]} Rf7
{[%clk 1:00:48]} 29. d4 {[%clk 0:24:49]} Qg4 {[%clk 0:55:31]} 30. f3
{[%clk 0:22:52]} Qh4+ {[%clk 0:55:34]} 31. Kg1 {[%clk 0:23:04]} Rd8
{[%clk 0:55:54]} 32. Kf1 {[%clk 0:23:06]} Qg3 {[%clk 0:54:40]} 33. Rcd1
{[%clk 0:19:07]} Nxg2 {[%clk 0:54:27]} 34. Rxg2 {[%clk 0:18:53]} Qxf3+
{[%clk 0:54:51]} 35. Rf2 {[%clk 0:17:12]} Qxd1+ {[%clk 0:55:15]} 36. Kg2
{[%clk 0:16:23]} Qg4+ {[%clk 0:55:41]} 37. Kf1 {[%clk 0:16:13]} Bxd4
{[%clk 0:55:29]} 0-1